Statistics for Complete the Movie Title (2023)

Click here to take the quiz!

General Stats

  • This quiz has been taken 93 times
  • The average score is 14 of 25

Answer Stats

HintAnswer% Correct
Guardians of the ______ Vol. 3Galaxy
96%
Five ______ at Freddy’sNights
89%
Magic Mike’s Last _____Dance
84%
The Little _______Mermaid
82%
The Hunger Games: The Ballad of _________ & SnakesSongbirds
75%
Cocaine ____Bear
74%
Shazam! Fury of the ____Gods
68%
Transformers: Rise of the ______Beasts
67%
Haunted _______Mansion
67%
_______ of the Flower MoonKillers
64%
______ VIScream
63%
Indiana Jones and the ____ of DestinyDial
62%
Blue ______Beetle
59%
The Pope’s ________Exorcist
57%
The ___ and the HeronBoy
51%
Insidious: The Red ____Door
51%
A ________ in VeniceHaunting
51%
Meg 2: The ______Trench
49%
______ Band TogetherTrolls
49%
Knock at the _____Cabin
45%
Left Behind: Rise of the __________Antichrist
37%
Jesus __________Revolution
28%
Ruby Gillman: Teenage ______Kraken
26%
Demon Slayer: Kimetsu No Yaiba - To the Swordsmith _______Village
25%
________: The MusicalWaitress
22%

Score Distribution

Percentile by Number Answered

Percent of People with Each Score

Your Score History

You have not taken this quiz